| 000 | 00844nas a22002297a 4500 | ||
|---|---|---|---|
| 005 | 20260603171111.0 | ||
| 008 | 260603b20092012por ||p|||||| 00| z por d | ||
| 040 | _cBR-ViAPE | ||
| 245 | _aRevista Natural | ||
| 260 |
_aCachoeiro de Itapemirim _bEditora Macro Ltda-ME _c2009-2012 |
||
| 300 |
_av. _bil. |
||
| 310 | _aIrregular | ||
| 362 | _an. 30 (out. nov. 2009) - ano 10, n. 36 (2012). | ||
| 500 | _aDisponibilizada apenas a imagem da capa na versão digital, em virtude de restrições de direitos autorais. | ||
| 500 | _aColeção incompleta: disponíveis apenas alguns números do periódico. | ||
| 650 |
_aEcologia _xTurismo _xQualidade de Vida _zEspírito Santo |
||
| 651 |
_aEspírito Santo (Brasil) _vPeriódico |
||
| 700 |
_aAl Barros, Roberto _eEditor |
||
| 710 | _aEditora Macro Ltda-ME | ||
| 942 |
_2ddc _cPER _n1 |
||
| 999 |
_c775 _d775 |
||